A history of medieval Islam / (Record no. 27036)
[ view plain ]
| 000 -LEADER | |
|---|---|
| fixed length control field | 00824cam a22002532 4500 |
| 001 - CONTROL NUMBER | |
| control field | 27036 |
| 003 - CONTROL NUMBER IDENTIFIER | |
| rucl marc code | BD-RjUL |
| 005 - DATE AND TIME OF LATEST TRANSACTION | |
| control field | 20211209051114.0 |
| 008 - FIXED-LENGTH DATA ELEMENTS--GENERAL INFORMATION | |
| fixed length control field | 140324r19661965enkb 001 0 eng d |
| 035 ## - SYSTEM CONTROL NUMBER | |
| System control number | OCLC ocm01337258 from D961004M |
| -- | (BD-RjUL)27107 |
| 040 ## - CATALOGING SOURCE | |
| Transcribing agency | HIR |
| Modifying agency | OCL |
| -- | UKM |
| -- | BD-RjUL |
| Original cataloging agency | BD-RjUL |
| Language of cataloging | eng |
| 041 ## - LANGUAGE CODE | |
| Language code of text/sound track or separate title | eng |
| 082 ## - DEWEY DECIMAL CLASSIFICATION NUMBER | |
| Classification number | 956 |
| Author mark and year | SAH 1966 |
| 100 1# - MAIN ENTRY--PERSONAL NAME | |
| Personal name | Saunders, J. J. |
| Fuller form of name | (John Joseph), |
| Dates associated with a name | 1910-1972. |
| 9 (RLIN) | 83055 |
| 245 12 - TITLE STATEMENT | |
| Title | A history of medieval Islam / |
| Statement of responsibility, etc. | by J.J. Saunders. |
| 250 ## - EDITION STATEMENT | |
| Edition statement | 2nd Impression |
| 260 ## - PUBLICATION, DISTRIBUTION, ETC. (IMPRINT) | |
| Place of publication, distribution, etc. | London : |
| Name of publisher, distributor, etc. | Routledge and Kegan Paul, |
| Date of publication, distribution, etc. | 1965 [Impression 1966] |
| 300 ## - PHYSICAL DESCRIPTION | |
| Pagination | xv, 219 p. : |
| Illustrations | maps. ; |
| Size | 22 cm. |
| 504 ## - BIBLIOGRAPHY, ETC. NOTE | |
| Bibliography, etc | Includes bibliographies and index. |
| 650 #0 - SUBJECT ADDED ENTRY--TOPICAL TERM | |
| Topical term or geographic name as entry element | Islam |
| General subdivision | History. |
| 9 (RLIN) | 83056 |
| 651 #0 - SUBJECT ADDED ENTRY--GEOGRAPHIC NAME | |
| Geographic name | Islamic countries |
| General subdivision | History. |
| 9 (RLIN) | 5676 |
| 942 ## - ADDED ENTRY ELEMENTS (KOHA) | |
| Source of classification or shelving scheme | Dewey Decimal Classification |
| Koha item type | Books |
| Lost status | Source of classification or shelving scheme | Damaged status | Not for loan | Collection code | Permanent Location | Current Location | Shelving location | Date acquired | Source of acquisition | Cost, normal purchase price | Total Checkouts | Full call number | Date last seen | Copy number | Koha item type | Date checked out |
|---|---|---|---|---|---|---|---|---|---|---|---|---|---|---|---|---|
| Dewey Decimal Classification | Added to bundle | Non-fiction | Central Library, University of Rajshahi | Central Library, University of Rajshahi | Reading Room | 23/07/1968 | Sweets & Zeitlinger | 32.00 | 956 SAH 1966 | 24/03/2014 | C-1 | Books | ||||
| Dewey Decimal Classification | Non-fiction | Central Library, University of Rajshahi | Central Library, University of Rajshahi | 23/07/1968 | Zeetlinger | 32.00 | 1 | 956 SAH 1966 | 24/01/2019 | C-2 | Books | 26/10/2017 |